000 00334nam a2200133Ia 4500
005 20260326100024.0
008 260326s9999||||xx |||||||||||||| ||und||
100 _aFrampton, Kenneth
245 0 _aAlvaro Siza :
_b Obra completa /
_cKenneth Frampton
260 _bGustavo Gili
300 _a616 p.
650 _aARQUITECTOS
942 _cBK
999 _c6317
_d6317